Türk mahalli idarelerinin yeniden düzenlenmesi üzerinde bir araştırma (Kayıt no. 7639)

MARC ayrıntıları
000 -BAŞLIK
Sabit Uzunlukta Kontrol Alanı 00675na a2200241 4500
001 - KONTROL NUMARASI
Denetim Alanı 18715
003 - KONTROL NUMARASI IDENTIFIER
Denetim Alanı MIRAKIL
005 - SON İŞLEM TARİHİ VE ZAMANI
Denetim Alanı 20181213155145.0
008 - SABİT-BOY VERİ ELEMANLARI - GENEL BİLGİLER
Sabit Uzunlukta Kontrol Alanı 161125b tu 000 0
035 ## - SİSTEM KONTROL NUMARASI
Sistem Kontrol Numarası 18715
040 ## - KATALOGLAMA KAYNAK
Orijinal Kataloglama Ajansı Milas
Kataloglama Dili tur
Metne Dönüştürmek Ajansı TR-AnCHP
041 ## - DİL KODU
Metin / Ses Parça Veya Ayrı Başlığın Dil Kodu tur
082 ## - DEWEY ONLU SINIFLANDIRMA NUMARASI
Sınıflandırma Numarası 352.9561
Ürün Numarası Y28 1966
090 ## - SINIFLAMA NUMARASI
Sınıflama Numarası 352.9561 Y28 1966
100 ## - ANA GİRİŞ - KİŞİSEL İSİM
Kişisel Ad Yavuz, Fehmi
245 ## - BAŞLIK TABLOSU
Başlık Türk mahalli idarelerinin yeniden düzenlenmesi üzerinde bir araştırma
Sorumluluk Tablosu, Vb Fehmi Yavuz
260 ## - YAYIN, DAĞITIM, VB
Yayın, Dağıtım, Vb Yeri Ankara
Yayıncı, Dağıtıcı, Vs Adı Ankara Üniversitesi
Yayın, Dağıtım, Vb Tarihi 1966
300 ## - FİZİKSEL TANIM
Kapsam 192 s.
Boyutlar 24 sm.
500 ## - GENEL NOT
Genel Not Dizin var.
650 ## - KONU KATMA GİRİŞ - TOPİKAL DÖNEM
Topikal Süreli Veya Coğrafi Ad Giriş Elemanı Yerel yönetimler
Coğrafi Alt Bölümü Türkiye
650 ## - KONU KATMA GİRİŞ - TOPİKAL DÖNEM
Topikal Süreli Veya Coğrafi Ad Giriş Elemanı Mahalli idareler
Coğrafi Alt Bölümü Türkiye
942 ## - EKLENDİ GİRİŞ ELEMANLARI (KOHA)
Sınıflandırma Veya Raf Düzeni Kaynak Dewey Decimal Classification
Koha Öğesi Türü Kitaplar
999 ## - SİSTEM KONTROL NUMARALARI (KOHA)
Koha Biblionumber 7639
Koha Biblioitemnumber 7639
Mevcut
Kalıcı Konum Mevcut Konum Edinme Tarihi Edinim Kaynak Toplam Check-Out'Lar Tam Çağrı Numarası Barkod Tarih Son Görülme İtibaren Geçerli Fiyatlar Koha Öğesi Türü
CHP Kütüphanesi CHP Kütüphanesi 11/25/2016 Bağış   352.9561 Y28 1966 009694 11/25/2016 11/25/2016 Kitaplar